Lo zoo di vetro /

Gespeichert in:
Bibliographische Detailangaben
1. Verfasser: Williams, Tennessee
Format: Buch
Sprache:Englisch
Veröffentlicht: Torino Einaudi [2007]
Schriftenreihe:Collezione di teatro
Tags: Tag hinzufügen
Keine Tags, Fügen Sie das erste Tag hinzu!

MARC

LEADER 00000nam a2200000 4500
001 CDOM0000003994
003 mi
005 20250827111841.0
008 250827b |||||||| |||| 00| 0 eng d
020 |a 9788806598921 
040 |c mi 
100 |a Williams, Tennessee 
245 1 |a Lo zoo di vetro /  |c Tennessee Williams  |g traduzione di Gerardo Guerrieri 
260 |a Torino  |b Einaudi  |c [2007] 
300 |a 70 p.  |c 18 cm. 
490 |a Collezione di teatro 
942 |2 ddc  |c BK 
952 |0 0  |1 0  |2 ddc  |4 0  |7 0  |9 7141  |a MI  |b MI  |d 2009-10-16  |i 5730  |l 0  |p CDOM5730  |r 2025-07-13 16:28:00  |w 2025-07-13  |x ACQUISTO  |y BK 
999 |c 5840  |d 5840